Northernmost World Capitals Quiz Stats

 Plays Quiz Updated Mar 28, 2019

Score 0/32 Timer 06:00
3 Plays Today
Rank Capital % Correct
7Moscow, Russia
96.9%
3Oslo, Norway
94.4%
15London, United Kingdom
92.4%
5Stockholm, Sweden
88%
2Helsinki, Finland
87.8%
12Berlin, Germany
87.8%
21Paris, France
87.1%
8Copenhagen, Denmark
82.7%
31Ottawa, Canada
82.7%
13Amsterdam, Netherlands
79.3%
14Warsaw, Poland
78.8%
11Dublin, Ireland
77.9%
1Reykjavik, Iceland
77.3%
17Brussels, Belgium
75.7%
22Vienna, Austria
70.3%
19Prague, Czechia
69.1%
Rank Capital % Correct
18Kyiv, Ukraine
68.5%
6Riga, Latvia
67.1%
28Bern, Switzerland
66.6%
4Tallinn, Estonia
63.9%
20Luxembourg, Luxembourg
63.4%
25Budapest, Hungary
62.4%
10Minsk, Belarus
62.2%
9Vilnius, Lithuania
56.5%
23Bratislava, Slovakia
50.9%
24Ulan Bator, Mongolia
46.6%
26Vaduz, Liechtenstein
43%
30Zagreb, Croatia
38.5%
16Nur-Sultan, Kazakhstan
36%
32Belgrade, Serbia
35%
29Ljubljana, Slovenia
34.9%
27Chisinau, Moldova
31.1%

You're not logged in!

Compare scores with friends on all Sporcle quizzes.
OR
Log In

Sporcle TV

Today on Sporcle TV


Watch our educational content, quiz creation guides, and fun videos on Sporcle TV.

Show Comments

Extras

Top Quizzes Today


Score Distribution

Your Account Isn't Verified!

In order to create a playlist on Sporcle, you need to verify the email address you used during registration. Go to your Sporcle Settings to finish the process.

Report this User

Report this user for behavior that violates our Community Guidelines.

Details: